000 00885nam a2200181 a 4500
001 000026877
005 20240705073646.0
008 110328s2001 dr r 000 0 spa d
020 _a0965012514
040 _aDO-SdBNP
_bspa
_cBNPHU
082 _axxxx
_bxxxx
245 0 0 _aRepública Dominicana y Puerto Rico :
_bhermandad en la lucha emancipadora; correspondencia, 1876-1902; Eugenio Maria de Hostos, Federico Henríquez y Carvajal, Gregorio Luperón y Fidelio Despradel /
_ccompilación y presentación Vivian Quiles-Calderín.
260 _aRío Piedras, P.R. :
_bInstituto de Estudios Hostosianos
_bUniversidad de Puerto Rico, Recinto de Río Piedras,
_c2001.
300 _a305 p. ;
_c23 cm.
500 _aIncluye referencias bibliográficas y notas al pie de las páginas
700 1 _aQuiles-Calderín, Vivían
_ecomp.
_99027
700 1 _aHostos, Eugenio María de,
_d1839-1903
_91352
999 _c26369
_d26369